Perchlorate reduction using electrochemically induced pitting corrosion of zero-valent titanium /

Bibliographic Details
Main Author: Lee, Chun-Woo
Other Authors: Batchelor, Bill (Thesis advisor)
Format: Thesis eBook
Language:English
Published: [College Station, Tex.] : [Texas A&M University], [2010]
Subjects:
Online Access:Link to OAK Trust copy

MARC

Tag First Indicator Second Indicator Subfields
LEADER 00000cam a2200000Ka 4500
001 in00002575482
005 20151201150149.0
006 m f d
007 cr unu||||||||
008 100428s2010 txu sbm 000 0 eng d
035 |a (OCoLC)ocn609905959 
035 |a (OCoLC)609905959 
035 |a (TxCM)http://hdl.handle.net/1969.1/ETD-TAMU-2475 
040 |a TXA  |c TXA  |d UtOrBLW 
049 |a TXAM 
099 |a 2007  |a Dissertation  |a 1969.1/ETD-TAMU-2475 
100 1 |a Lee, Chun-Woo. 
245 1 0 |a Perchlorate reduction using electrochemically induced pitting corrosion of zero-valent titanium /  |c by Chun Woo Lee. 
264 1 |a [College Station, Tex.] :  |b [Texas A&M University],  |c [2010] 
300 |a 1 online resource. 
336 |a text  |b txt  |2 rdacontent 
337 |a computer  |b c  |2 rdamedia 
338 |a online resource  |b cr  |2 rdacarrier 
500 |a "Major Subject: Civil Engineering" 
500 |a Title from author supplied metadata (automated record created 2010-03-12 12:08:51). 
502 |b Doctor of Philosophy  |c Texas A&M University  |d 2007  |o http://hdl.handle.net/1969.1/ETD-TAMU-2475 
504 |a Includes bibliographical references. 
516 |a Text (Dissertation) 
520 3 |a Perchlorate is a threat to public health through water but also food. However, there is no effective chemical treatment process which can destroy perchlorate found in groundwater and surface water. Thus, there is growing interest in developing effective technologies, especially chemical treatments, to completely destroy trace levels of perchlorate present in drinking and groundwater. The research on perchlorate reduction by zero-valent titanium (Ti(0)) showed that perchlorate was effectively reduced to chloride using electrochemically developed pitting corrosion on Ti(0). Perchlorate reduction was believed to be caused by an active reductant (dissolved Ti(II)) during the pitting corrosion of Ti(0). The rate of perchlorate reduction was independent on the imposed potential as long as the potential was maintained above the pitting potential of Ti(0), but it was proportional to the applied current. The perchlorate reduction on the pitting developed Ti(0) was inhibited by the presence of chloride and bromide. Inhibition mechanism of perchlorate reduction inhibition was believed to be caused either by competitive adsorption of aggressive anions on bare Ti(0) surface or Ti(II) consumption by electrochemically produced chlorine. Kinetic models were developed based surface coverage of aggressive anions on bare Ti(0) and Ti(II) oxidation by chlorine. These kinetic models supported the perchlorate concentration change in the solution, but Ti(II) consumption model was not able to predict chloride concentration due to insufficient information describing complex nature of pitting on Ti(0). These results shown in this research demonstrate that pitting corrosion developed Ti(0) has the capability to chemically reduce perchlorate present in natural water and engineered systems as well as possible problems associated with electric input. This research may be a starting point for development of a new treatment process that applies titanium or titanium metal ions as a chemical reductant to abate contaminants present in natural and engineering systems. Further developments can be achieved by alloying titanium metal with other metals such as iron and aluminum, and finding a methodology producing stable Ti(II) in ambient conditions. 
500 |a Electronic resource. 
650 4 |a Major civil engineering. 
653 |a perchlorate 
653 |a pitting corrosion 
653 |a titanium 
653 |a remediation 
700 1 |a Batchelor, Bill,  |e thesis advisor. 
856 4 0 |u http://hdl.handle.net/1969.1/ETD-TAMU-2475  |z Link to OAK Trust copy  |t 0 
948 |a cataloged  |b h  |c 2010/4/28  |d c  |e jgreene  |f #:55:15 pm 
994 |a C0  |b TXA 
999 |a MARS 
999 f f |s 78eab4e9-232b-3e5b-a28e-de5448e1e70a  |i d9cb8ac7-7f64-31a6-9eb7-5da5887da731  |t 0 
952 f f |a Texas A&M University  |b College Station  |c Electronic Resources  |d Available Online  |t 0  |e 2007 Dissertation 1969.1/ETD-TAMU-2475  |h Other scheme 
998 f f |a 2007 Dissertation 1969.1/ETD-TAMU-2475  |t 0  |l Available Online